| 000 | 00403nam a22001337a 4500 | ||
|---|---|---|---|
| 020 | _a9787108029690 | ||
| 082 |
_a181.11 _bCHE |
||
| 100 | _aChen, Lai | ||
| 245 |
_aNine Theories on East Asian Confucianism (Chinese Edition) / _cLai Chen |
||
| 260 |
_aChina : _bSDX Joint Publication Company, _c2008. |
||
| 300 |
_a230 p. ; _c19 cm. |
||
| 880 |
_6245-02\r _a东亚儒学九论 / |
||
| 942 |
_2ddc _cBK |
||
| 999 |
_c591831 _d591831 |
||